000 00816nam a2200241 a 4500
003 MX-MxUPN
005 20240410063725.0
008 991125s1900 mx a r 000 0 spa d
035 _aUPN01000050360
040 _aMX-MxUPN
_bspa
_cMX-MxUPN
041 0 _aspa
050 1 4 _aQD31
_bL4.6
100 1 _aLeón, Luis G.,
_d1866-1913
_928986
245 1 0 _aQuímica popular
260 _aMéxico :
_bLibrería de Ch. Bouret,
_c1900
300 _a203 páginas :
_bilustraciones
506 0 _aAcceso abierto.
530 _aTambién disponible en línea.
536 _aLibros de texto digitalizados bajo el patrocinio del Instituto Georg-Eckert.
650 4 _aQuímica
_xEstudio y enseñanza (Elemental)
_97240
650 4 _aQuímica
_vLibros de texto
_944690
856 4 1 _uhttp://200.23.113.51/pdf/librosdetexto2/125180.pdf
999 _c50360
_d50360